ბათუმის შოთა რუსთაველის სახელმწიფო უნივერსიტეტის ბიბლიოთეკა

ევროპული სამართალი : (ბიბ.ჩანაწერი № 58007)

000 -ლიდერი
ფიქსირებული სიგრძის საკონტროლო ველი 01560nam a22002777a 4500
003 - საკონტროლო ნომრის იდენტიფიკატორი
საკონტროლო ველი Ge_BSU
005 - ბოლო ოპერაციის თარიღი და დრო
საკონტროლო ველი 20210421165135.0
008 - ფიქსირებული სიგრძის მონაცემთა ელემენტები - ზოგადი ინფორმაცია
ფიქსირებული სიგრძის საკონტროლო ველი 210421s2021 ge ||||| |||| 00| 0 geo d
020 ## - წიგნის საერთაშორისო სტანდარტული ნომერი
International Standard Book Number 9789941830501
041 ## - ენის კოდი
Language code of text/sound track or separate title geo
080 ## - უნივერსალური ათობითი კლასიფიკაციის ინდექსი
Universal Decimal Classification number 341.1(075.8) ო-48
100 ## - მთავარი ჩანაწერი - პიროვნების სახელი
Personal name ოპერმანი,თომას.
9 (RLIN) 11473
245 ## - ცნობა სათაურის შესახებ
Title ევროპული სამართალი :
Remainder of title სასწავლო სახელმძღვანელო /
Statement of responsibility, etc თომას ოპერმანი, კლაუს დითერ კლასენი, მარტინ ნეთესჰაიმი, მთარგმ.: თამარ ერქვანია , ირაკლი ჯაფარაშვილი.
250 ## - გამოცემის ცნობა
Edition statement მე-8 განახლებული გამოცემა
260 ## - გამოქვეყნების, გავრცელების, და სხვა. ცნობები
Place of publication, distribution, etc თბილისი,
Date of publication, distribution, etc 2021.
300 ## - ფიზიკური აღწერა
Extent 948 გვ.:
Dimensions 23 სმ.
504 ## - BIBLIOGRAPHY, ETC. NOTE
Bibliography, etc ბიბლიოგრაფ.გვ:- 934-0948.
653 ## - INDEX TERM--UNCONTROLLED
Uncontrolled term ევროპული სამართალი
653 ## - INDEX TERM--UNCONTROLLED
Uncontrolled term სამაღთალი
700 ## - ADDED ENTRY--PERSONAL NAME
Personal name კლასენი,კლაუს დითერ
9 (RLIN) 11474
700 ## - ADDED ENTRY--PERSONAL NAME
Personal name ნეტსეჰაიმი,მარტინ
9 (RLIN) 11475
700 ## - ADDED ENTRY--PERSONAL NAME
Personal name ერქვანია,თამარ
Relator term მთარგმნელი
9 (RLIN) 11476
700 ## - ADDED ENTRY--PERSONAL NAME
Personal name ჯაფარაშვილი,ირაკლი
Relator term მთარგმნელი
9 (RLIN) 11477
856 ## - ELECTRONIC LOCATION AND ACCESS
Uniform Resource Identifier http://lawlibrary.info/ge/books/GIZ_EULAW.pdf
Link text ელექტრონული ვერსია
942 ## - ADDED ENTRY ELEMENTS (KOHA)
Source of classification or shelving scheme
Koha item type წიგნი
ეგზემპლარები
ჩამოწერის სტატუსი დაკარგული ეგზემპლარის სტატუსი კლასიფიკაციის წყარო ან თაროზე გაწყობის სქემა დაზიანების სტატუსი არ გაიცემა მუდმივი მდებარეობა (დაცვის ადგილი) ამჟამინდელი ადგილსამყოფელი თაროზე განთავსების ადგილი შეძენის თარიღი ღირებულება, შესყიდვის ნორმალური ფასი სრული შენახვის შიფრი შტრიხკოდი ბოლო ოპერაციის თარიღი ეგზემპლარის მიმდევრობითი ნომერი (კეტერი?) ფასის ძალაში შესვლის თარიღი ეგზემპლარის სახეობა საჯარო შენიშვნა
          ბათუმის შოთა რუსთაველის სახელმწიფო უნივერსიტეტის მთავარი ბიბლიოთეკა ბათუმის შოთა რუსთაველის სახელმწიფო უნივერსიტეტის მთავარი ბიბლიოთეკა წიგნსაცავი 2021-04-21 25.00 341.1(075.8) ო-48 61313 2021-04-21 61313 2021-04-21 წიგნი 25.00
          ბათუმის შოთა რუსთაველის სახელმწიფო უნივერსიტეტის მთავარი ბიბლიოთეკა ბათუმის შოთა რუსთაველის სახელმწიფო უნივერსიტეტის მთავარი ბიბლიოთეკა წიგნსაცავი 2021-09-14 25.00 341.1(075.8) ო-48 61671 2021-09-14 61671 2021-09-14 წიგნი 25.00
          ბათუმის შოთა რუსთაველის სახელმწიფო უნივერსიტეტის მთავარი ბიბლიოთეკა ბათუმის შოთა რუსთაველის სახელმწიფო უნივერსიტეტის მთავარი ბიბლიოთეკა წიგნსაცავი 2021-09-14 25.00 341.1(075.8) ო-48 61672 2021-09-14 61672 2021-09-14 წიგნი 25.00
          ბათუმის შოთა რუსთაველის სახელმწიფო უნივერსიტეტის მთავარი ბიბლიოთეკა ბათუმის შოთა რუსთაველის სახელმწიფო უნივერსიტეტის მთავარი ბიბლიოთეკა წიგნსაცავი 2021-09-14 25.00 341.1(075.8) ო-48 61673 2021-09-14 61673 2021-09-14 წიგნი 25.00